000 003180000a22001330004500
003 MACL
040 _aMACL
090 _c38146
_d38144
100 _aValentine
245 _acameos of Literature From Standad Authors
260 _bFrederick Warne And Co.
_c1894
650 _aRhetoric Collection
942 _cBOOK
_k808/VAL
999 _c37738
_d37738